| 000 | 00704nam a22001817a 4500 | ||
|---|---|---|---|
| 999 |
_c63579 _d63579 |
||
| 003 | Ge_BSU | ||
| 005 | 20251104205309.0 | ||
| 008 | 251104s1991 ge ||||| |||| 00| 0 geo d | ||
| 020 | _a5529012175 | ||
| 041 | _ageo | ||
| 080 | _a339.13 + 334.722 ძ-71 | ||
| 100 |
_aძნელაძე, დავით _9898 |
||
| 245 |
_aსაბაზრო ეკონომიკაზე გადასვლის პრობლემები / _cდავით ძნელაძე. |
||
| 264 |
_aთბილისი : _bსაქართველო, _c1991. |
||
| 300 |
_a111 გვ. ; _b 16 სმ. |
||
| 653 | _aსაბაზრო ეკონომიკა | ||
| 942 |
_2udc _cᲬᲘᲒᲜᲘ |
||